00605 2200217 4500001002100000005001500021035002000036007000300056008004100059020002200100082001100122084001700133100001600150245010900166250000600275260002800281300002400309650002500333700001900358990001000377INLIS00000000000003620170907095643 a0010-0917000022ta170907 f 0 ind  a978-979-024-264-7 a297.63 a297.63 FAT k0 aFathi Fawzi1 aKeluarga Perempuan Rasulullah :bBiografi Para Ibu, Istri, dan Putri Nabi /cFathi Fawzi; Widad Sakakini a1 aJakarta :bZaman,c2011 a132hlm ;c12 x 20cm aBiografi Tokoh Islam0 aWidad Sakakini a13548